000 00626nam a2200205 i 4500
001 bg
100 1 _aCHISMAR, John P.
245 1 0 _a3D Studio Max 3 :
_befektowna animacja w praktyce /
_cJohn P.Chismar ; [tł. Wojciech Pazdur, Michał Żyliński, Patrycja Domagała].
260 _aGliwice :
_b"Helion",
_ccop. 1999.
300 _a454,[8] s. :
_bfot., rys. ;
_c24 cm +
_eCD ROM.
650 9 _a3D Studio
655 _aPodręczniki
020 _a8371971788
040 _cBPK
041 1 _apl
_hen
080 _a004.42:004.4'27](07)
920 _a83-7197-178-8
942 _cKS
008 s pl f |000 0 pol
999 _c36169
_d36169